000 01162nam a2200205Ii 4500
003 JO-AjNU
008 230605s9999||||xx |||||||||||||| ||und||
017 _a1997/10/1569
040 _aJO-AjNU
_bara
_erda
_cJO-AjNU
041 _aara
050 1 4 _aDS154.53.W37 1997
100 3 _aعبدالله بن الحسين ملك الاردن، 1921-1951؛ جمع وإعداد محمد عدنان البخيت، جمع وإعداد هند غسان أبو الشعر، جمع وإعداد نوفان رجا السوارية، جمع وإعداد بكر خازر المجالي,
_eauthor
_955097
245 0 0 _aالوثائق الهاشمية: أوراق عبدالله بن الحسين: العلاقات الأردنية - السعودية 1344-1371 هجري/ 1925-1951م، مج 10، القسم 2
264 3 1 _aالمفرق: جامعة ال البيت، 1997
300 _aمج 10، القسم 2، 415ص
336 _atext
_btxt
_2rdacontent
337 _aunmediated
_bn
_2rdamedia
338 _avolume
_bnc
_2rdacarrier
650 4 _aالاردن - تاريخ - عبدالله بن الحسين الاول - العلاقات الاردنية - السعودية
_955098
999 _aA24561
_c28129
_d28129